Normal view MARC view
  • Harlequin historicals ;

Entry Uniform Title

Number of records used in: 2

001 - CONTROL NUMBER

  • control field: 8393

003 - CONTROL NUMBER IDENTIFIER

  • control field: NUST

005 - DATE AND TIME OF LATEST TRANSACTION

  • control field: 20180115160512.0

008 - FIXED-LENGTH DATA ELEMENTS

  • fixed length control field: 180115|| aca||aabn | a|a d

040 ## - CATALOGING SOURCE

  • Original cataloging agency: NUST
  • Transcribing agency: NUST

130 ## - HEADING--UNIFORM TITLE

  • Uniform title: Harlequin historicals ;
  • Form subdivision: 1066.

670 ## - SOURCE DATA FOUND

  • Source citation: Work cat.: (NUST)0: Mortimer, Carole. 8389, Lady surrender /, 2011.
© 2023 Central Library, National University of Sciences and Technology. All Rights Reserved.